Vuestra Gabriela : cartas inéditas de Gabriela Mistral a los Errázuriz Echenique y Tomic Errázuriz /
Guardado en:
| Autor principal: | |
|---|---|
| Formato: | Libro |
| Idioma: | Español |
| Publicado: |
Santiago, Chile :
Zig-Zag,
1995, c1995
|
| Temas: | |
| Etiquetas: |
Sin etiquetas, Sé el primero en etiquetar este registro!
|
MARC
| LEADER | 00000nam^a2200000^a^4500 | ||
|---|---|---|---|
| 001 | 000185874 | ||
| 005 | 20250521000000.0 | ||
| 009 | 20260310102205.734 | ||
| 020 | |a 956-12-1143-2 | ||
| 037 | |a Acervo ITESO - Biblioteca | ||
| 041 | |a ESP | ||
| 082 | |a 866. |b MIS | ||
| 100 | |a Mistral, Gabriela |e (autor) | ||
| 245 | 1 | 0 | |a Vuestra Gabriela : |b cartas inéditas de Gabriela Mistral a los Errázuriz Echenique y Tomic Errázuriz / |c G. Mistral ; selec., pról. y notas de Luis Vargas Saavedra. |
| 246 | 2 | |a Título en la cubierta: Vuestra Gabriela: cartas inéditas de Gabriela Mistral. Cartas guardadas en un baúl de la familia Tomic Errázuriz. | |
| 264 | 4 | |a Santiago, Chile : |b Zig-Zag, |c 1995, c1995 | |
| 300 | |a 235 p. | ||
| 336 | |a texto |b txt |2 rdacontenido | ||
| 337 | |a sin mediación |b n |2 rdamedio | ||
| 338 | |a volumen |b nc |2 rdasoporte | ||
| 586 | |a Premio Nobel de Literatura 1945 | ||
| 649 | |a XX | ||
| 650 | |a Escritores Chilenos | ||
| 650 | |a Mujeres Chilenas | ||
| 650 | |a Cartas Chilenas | ||
| 650 | |a Literatura Autobiográfica - |z Chile | ||
| 650 | |a Literatura de Mujeres - |z Chile | ||
| 650 | |a Literatura Chilena - |y Siglo XX | ||
| 650 | |a Mistral, Gabriela - |x Tema Principal | ||
| 650 | |a Ovalle, Carlos | ||
| 650 | |a Echenique, Carmela | ||
| 650 | |a Tomic, Radomiro | ||
| 650 | |a Errázuriz de Tomic, Olaya | ||
| 650 | |a Errázuriz Echenique, Familia | ||
| 650 | |a Tomic Errázuriz, Familia - |x Tema Principal | ||
| 910 | |a Fondo General | ||
| 920 | |a Impresos - Libros | ||
| 930 | |a Colección General | ||
| 940 | |a Literatura | ||
| 905 | |a 101 | ||
| 901 | |a 0500127013 |b IT1 |c LIT |u 20250521 | ||
| 902 | |a https://opac.biblio.iteso.mx/vufind/Record/000185874 | ||